00531nam a2200157Ia 4500008004100000082001800041100001700059245003800076250000800114260004900122300001000171650002200181942001200203952014300215999001500358150201s2007 xx 000 0 und d a617.6bC2007D aDHOBLE,ASHOK aCOMPERHENSIVE REVIEW OF DENTAL PG a1ST bC.B.S PUBLISHERS & DISTRIBUTERSaDELHIc2007 a1-674 aGENERAL DENTISTRY 2ddccBK 00102ddc4070aFDbFDd2008-01-09eDELHI BOOK STOREg480.00h1iSGTUl0o617.6 C2007DpFD4679r2015-02-09 00:00:00w2012-10-05yBKk1550 c3787d3787